000
00315nam a2200133Ia 4500
005
20251222144751.0
008
251222s9999||||xx |||||||||||||| ||spa||
020
_a
84-7651-703-3
082
_a
940.1/P43
100
_a
Pernoud, Régine
245
0
_a
Para Acabar con la Edad Media
250
_a
2a.ed.
942
_c
LIB
999
_c
19345
_d
19345